00481nmm a2200157Ia 4500008004100000020001800041041000800059100004100067245003600108264007200144300001800216650001400234856005100248942000700299999001700306251105s9999||||xx |||||||||||||||||und|| a9786123172237 aspa aBusto Duthurburu, José Antonio del 0aSan Martín de Porras (4a ed.) a[Lima, Peru] :bPontificia Universidad Católica de Perú, c2017 a376 páginas aBiography uhttps://public.digitaliapublishing.com/a/51264 cCF c75987d75987